000 00538nam a2200181Ia 4500
003 GCL
008 140319s9999 xx 000 0 ara d
040 _aGCL /
_cGCL
082 0 4 _aد
_b050
100 1 _aايهاب الازهرى
245 1 0 _aالاذاعة وبناء الانسان (اقرا 438) /
_cايهاب الازهرى
300 _a199 ص
490 _aوثائق ونصوص
_v0
650 0 4 _aالاذاعة
650 0 4 _aالتعليم بالراديو
650 0 4 _aالراديو فى التعليم
942 _2ddc
_cCF
999 _c27241
_d27241